00653nam a22001937a 4500003000500000005001700005008004100022010001000063011001000073035001000083040000900093082002200102110005900124245009000183260009900273300002000372650002600392650004100418CHAP20220329140845.0971013s1987 r 00010 d a58752 a59724 a63884 cCHAP a630.72bI44c 1987 aINIFAP. México. Campo Experimental Centro de Chiapas aGuía para la asistencia técnica agrícola del área de influuencia del Campo... aOcozocoautla, Chis. :bInstituto Nacional de Investigaciones Forestales y Agropecuarias,c1987 a120 p.b: ilus.14aAgriculturaxChiapas.14aAgriculturaxInvestigacionxChiapas.